[Event "Championnat de France - Open B"]
[Site "Pau"]
[Date "2008.08.17"]
[Round "6.5"]
[White "Sola, Flavien"]
[Black "Adrien, Vincent"]
[Result "0-1"]
[WhiteElo "1895"]
[BlackElo "1940"]
[PlyCount "70"]

1. e4 c5 2. Nc3 Nc6 3. g3 e6 4. Bg2 g6 5. d3 Bg7 6. Be3 d6 7. Qd2 Nge7 8. Bh6
Bxh6 9. Qxh6 Nd4 10. Rc1 Qb6 11. Nd1 Bd7 12. c3 Ndc6 13. Nf3 f6 14. h4 O-O-O
15. O-O Ne5 16. Nxe5 fxe5 17. d4 Nc6 18. dxc5 Qxc5 19. Ne3 Rdf8 20. b4 Qb5 21.
Rfd1 Nd8 22. Ng4 Qe2 23. Bh3 Qxe4 24. Qd2 Bc6 25. Kh2 Qf3 26. b5 Be4 27. Qxd6
h5 28. Qc5+ Kb8 29. Rd7 Nf7 30. Qc7+ Ka8 31. Ne3 Qxf2+ 32. Ng2 Nh6 33. Rg1 g5
34. Qxe5 gxh4 35. Qxe6 Qxg3+ 0-1

[Event "Championnat de France - Open B"]
[Site "Pau"]
[Date "2008.08.17"]
[Round "6.6"]
[White "Macarry, Elodie"]
[Black "Delay, Guillaume"]
[Result "1/2-1/2"]
[WhiteElo "1809"]
[BlackElo "1906"]
[PlyCount "136"]

1. e4 c5 2. Nf3 d6 3. d4 cxd4 4. Nxd4 Nf6 5. Nc3 g6 6. Be3 Bg7 7. f3 O-O 8. Bc4
Nc6 9. Nxc6 bxc6 10. Qd2 Qa5 11. O-O-O Rb8 12. Bh6 Qb4 13. Bb3 Bxh6 14. Qxh6 c5
15. Kd2 Bd7 16. a3 Qb7 17. Rb1 Be6 18. Bxe6 fxe6 19. h4 d5 20. e5 d4 21. Ne2
Nh5 22. g4 Ng7 23. h5 gxh5 24. gxh5 Qxf3 25. Rhg1 Qe3+ 26. Qxe3 dxe3+ 27. Kxe3
Kh8 28. Ng3 Nf5+ 29. Ke4 Rbd8 30. c3 Rd5 31. Ne2 Rd2 32. Nf4 Ng7 33. h6 Nf5 34.
Nxe6 Rf7 35. Nxc5 Nxh6 36. b4 Rff2 37. Rbd1 Rfe2+ 38. Kf4 Rf2+ 39. Kg5 Nf7+ 40.
Kh4 Rh2+ 41. Kg3 Rde2 42. e6 Nd6 43. Rde1 Ref2 44. Re5 Rc2 45. Ne4 Nc4 46. Rf5
h5 47. Rf7 h4+ 48. Kf4 Rcg2 49. Rxg2 Rxg2 50. Rxe7 h3 51. Rd7 h2 52. Rd1 Kg7
53. Rh1 Kf8 54. Kf3 Rc2 55. Kg3 Ke7 56. Rxh2 Rxh2 57. Kxh2 Kxe6 58. a4 Kd5 59.
Nf6+ Ke5 60. Nd7+ Ke4 61. Nf6+ Kd3 62. Nd5 Nb2 63. a5 Kc4 64. Nc7 Kxc3 65. b5
Nc4 66. Nd5+ Kd4 67. b6 Nxb6 68. Nxb6 Kc5 1/2-1/2

[Event "Championnat de France - Open B"]
[Site "Pau"]
[Date "2008.08.17"]
[Round "6.7"]
[White "De Seroux, Camille"]
[Black "Cruz, Jean"]
[Result "1/2-1/2"]
[WhiteElo "1898"]
[BlackElo "1864"]
[PlyCount "114"]

1. e4 e5 2. Nf3 Nf6 3. Nxe5 Nxe4 4. Qe2 Qe7 5. Qxe4 d6 6. d4 dxe5 7. Qxe5 Qxe5+
8. dxe5 Nc6 9. f4 Bf5 10. c3 Bc5 11. Nd2 O-O-O 12. Nb3 Bb6 13. Bd2 f6 14. O-O-O
fxe5 15. Re1 Rhe8 16. Bb5 exf4 17. Bxf4 Re4 18. Rhf1 a6 19. Bxc6 bxc6 20. Rxe4
Bxe4 21. g3 h6 22. Re1 Bd5 23. h4 a5 24. Kb1 Bc4 25. Re5 Rd5 26. Nd2 Bd3+ 27.
Kc1 Bf2 28. Nf3 a4 29. Re7 g5 30. hxg5 hxg5 31. Nxg5 Bb6 32. Ne6 Bc4 33. Nd4
Bxd4 34. Rxc7+ Kd8 35. cxd4 Rxd4 36. Rxc6 Kd7 37. Rf6 Bxa2 38. Kc2 Ke7 39. Rc6
Bb3+ 40. Kc3 Rd1 41. Rb6 Rf1 42. Be5 Rf2 43. g4 Re2 44. Bf6+ Kf7 45. g5 Re6 46.
Rxb3 Re3+ 47. Kb4 axb3 48. Bc3 Kg6 49. Ka3 Re8 50. Bf6 Rb8 51. Ka4 Kf7 52. Bc3
Kg6 53. Bf6 Kf5 54. Be7 Re8 55. Bb4 Re3 56. Ka3 Rf3 57. Bc3 Kxg5 1/2-1/2

[Event "Championnat de France - Open B"]
[Site "Pau"]
[Date "2008.08.17"]
[Round "6.8"]
[White "Feryn, Benjamin"]
[Black "De La Fontaine, Christophe"]
[Result "0-1"]
[WhiteElo "1918"]
[BlackElo "1995"]
[PlyCount "94"]

1. e4 c5 2. Nf3 Nc6 3. d4 cxd4 4. Nxd4 e6 5. Nc3 d6 6. Be2 Be7 7. Be3 Nf6 8.
O-O O-O 9. Kh1 Nxd4 10. Qxd4 b6 11. f4 Bb7 12. Bf3 Rc8 13. Rf2 Qc7 14. a4 d5
15. Nb5 Qb8 16. e5 Ne4 17. Bxe4 dxe4 18. Nd6 Bxd6 19. Qxd6 Rfd8 20. Qxb8 Rxb8
21. h3 Bc6 22. b3 a6 23. Kh2 Rd7 24. c3 Rd3 25. Bd4 h6 26. b4 Kf8 27. a5 b5 28.
Raf1 g6 29. g4 Ke7 30. f5 gxf5 31. gxf5 exf5 32. Rxf5 Bd5 33. Bc5+ Kd7 34.
Rxf7+ Bxf7 35. Rxf7+ Ke6 36. Rf6+ Kxe5 37. Rxa6 Re8 38. Rxh6 e3 39. a6 Rxc3 40.
a7 Rxc5 41. bxc5 e2 42. Rh7 Kf6 43. Rh6+ Kf5 44. Rh5+ Kf4 45. Rh4+ Kf3 46. Rh7
e1=Q 47. Rf7+ Ke3 0-1

[Event "Championnat de France - Open B"]
[Site "Pau"]
[Date "2008.08.17"]
[Round "6.9"]
[White "Adeimi, Michel"]
[Black "Chebance, Benoit"]
[Result "0-1"]
[WhiteElo "1917"]
[BlackElo "1988"]
[PlyCount "69"]

1. d4 Nf6 2. Nf3 d5 3. e3 Bf5 4. c4 e6 5. Nc3 c6 6. cxd5 exd5 7. Bd3 Bxd3 8.
Qxd3 Bb4 9. O-O O-O 10. Bd2 Re8 11. Ne5 Bd6 12. f4 Nbd7 13. Nd1 c5 14. Nc3 a6
15. Rad1 c4 16. Qe2 b5 17. Qf3 Nb6 18. e4 dxe4 19. Nxe4 Nxe4 20. Qxe4 f6 21.
Ba5 fxe5 22. fxe5 Bc7 23. Qf5 Qe7 24. Bb4 Qxb4 25. Qf7+ Kh8 26. e6 Qd6 27. g3
Rf8 28. Qh5 Rxf1+ 29. Rxf1 Qxd4+ 30. Rf2 Rf8 31. Qf7 Rxf7 32. exf7 Bd6 33. Kg2
Qxf2+ 34. Kxf2 g6 35. f8=Q+ 0-1

[Event "Championnat de France - Open B"]
[Site "Pau"]
[Date "2008.08.17"]
[Round "6.10"]
[White "Lepot, Simon"]
[Black "Marks, Edwin"]
[Result "1-0"]
[WhiteElo "1982"]
[BlackElo "1888"]
[PlyCount "48"]

1. e4 e6 2. d4 d5 3. Nc3 Nf6 4. Bg5 dxe4 5. Nxe4 Be7 6. Nxf6+ Bxf6 7. Bxf6 Qxf6
8. Bd3 O-O 9. Qh5 g6 10. Qe2 Qxd4 11. O-O-O Nd7 12. Nf3 Qg7 13. g4 Nc5 14. g5
b6 15. Ne5 Bb7 16. Rhg1 Rad8 17. Ng4 Nd7 18. Bb5 c6 19. Rxd7 Rxd7 20. Nf6+ Kh8
21. Nxd7 Rd8 22. Nf6 cxb5 23. Rg4 Qf8 24. Rh4 h5 1-0

[Event "Championnat de France - Open B"]
[Site "Pau"]
[Date "2008.08.19"]
[Round "7.1"]
[White "Aubry, Fabien"]
[Black "Giry, Jean-Marc"]
[Result "0-1"]
[WhiteElo "1890"]
[BlackElo "1934"]
[PlyCount "68"]

1. d4 b6 2. e4 Bb7 3. Bd3 e6 4. Nf3 Nf6 5. Qe2 d5 6. e5 Nfd7 7. O-O c5 8. c4
Be7 9. cxd5 Bxd5 10. Nc3 Bb7 11. dxc5 Nxc5 12. Bb5+ Nc6 13. b4 Nd7 14. Rd1 a6
15. Bxc6 Bxc6 16. b5 axb5 17. Nxb5 Ra5 18. Nd6+ Bxd6 19. Rxd6 Qa8 20. Bf4 Bd5
21. Rd1 Rxa2 22. Qb5 Qa4 23. Qxa4 Rxa4 24. Rc1 Ra7 25. Nd4 Ke7 26. h3 Rb7 27.
Nb5 Ra8 28. Rc7 Rxc7 29. Nxc7 Ra5 30. Bd2 Ra1+ 31. Kh2 Nxe5 32. Nxd5+ Kxd6 33.
Nxb6 Ra6 34. Nc8+ Kd7 0-1

[Event "Championnat de France - Open B"]
[Site "Pau"]
[Date "2008.08.19"]
[Round "7.2"]
[White "Adrien, Vincent"]
[Black "Fantinel, Thibault"]
[Result "0-1"]
[WhiteElo "1940"]
[BlackElo "1908"]
[PlyCount "90"]

1. e4 c5 2. Nf3 e6 3. d4 cxd4 4. Nxd4 Nc6 5. Nb5 d6 6. Bf4 e5 7. Be3 Be6 8. Be2
Be7 9. O-O h6 10. N5c3 Nf6 11. Nd5 Nd7 12. c4 O-O 13. Nbc3 Bg5 14. f4 exf4 15.
Nxf4 Nde5 16. b3 Qa5 17. Ncd5 Bxd5 18. exd5 Ne7 19. Qc2 N7g6 20. Kh1 Nxf4 21.
Bxf4 Bxf4 22. Rxf4 Qc5 23. Qf5 Rae8 24. Raf1 g6 25. Qh3 Re7 26. Bd1 Rfe8 27.
Rh4 f5 28. Bc2 Nd7 29. Qg3 Re3 30. Qg5 Re1 31. Rhf4 Qe3 32. Qh4 Qe2 33. Kg1
Rxf1+ 34. Rxf1 Qxc2 35. Qd4 Qe4 36. Qb2 Qe5 37. Qa3 Nc5 38. Qa5 Qe3+ 39. Kh1
Nd3 40. h3 Qe2 41. Rg1 Nf2+ 42. Kh2 f4 43. Qc7 Qe3 44. Rf1 Qg3+ 45. Kg1 f3 0-1

[Event "Championnat de France - Open B"]
[Site "Pau"]
[Date "2008.08.19"]
[Round "7.3"]
[White "Cabanes, Kim"]
[Black "Pokee, Anne"]
[Result "1-0"]
[WhiteElo "1934"]
[BlackElo "1996"]
[PlyCount "109"]

1. e4 e5 2. Nf3 d6 3. d4 exd4 4. Nxd4 Nf6 5. Nc3 Be7 6. Bf4 O-O 7. Qd2 Re8 8.
O-O-O Nc6 9. f3 Ne5 10. Be2 a6 11. g4 Ng6 12. Be3 d5 13. g5 c5 14. gxf6 cxd4
15. fxe7 dxc3 16. exd8=Q cxd2+ 17. Rxd2 Rxd8 18. c4 d4 19. Rhd1 Be6 20. Rxd4
Rxd4 21. Rxd4 Rc8 22. Kd2 Ne5 23. b3 Nc6 24. Rd6 Rd8 25. Rxd8+ Nxd8 26. f4 f6
27. Kc3 Nc6 28. b4 Kf7 29. a4 Ne7 30. b5 axb5 31. cxb5 Ke8 32. a5 Kd8 33. Bb6+
Kd7 34. Bc5 Nc8 35. h4 Kc7 36. h5 b6 37. axb6+ Nxb6 38. Kb4 Nd7 39. Bd4 g6 40.
hxg6 hxg6 41. Ka5 g5 42. f5 Bb3 43. b6+ Kb8 44. Bb5 Ne5 45. Bxe5+ fxe5 46. Be2
Bf7 47. Kb5 Kb7 48. Kc5 Be8 49. f6 Bf7 50. Bg4 Kb8 51. Kd6 Kb7 52. Ke7 Bg6 53.
f7 Bxf7 54. Kxf7 Kxb6 55. Kf6 1-0

[Event "Championnat de France - Open B"]
[Site "Pau"]
[Date "2008.08.19"]
[Round "7.4"]
[White "De La Fontaine, Christophe"]
[Black "De Seroux, Camille"]
[Result "0-1"]
[WhiteElo "1995"]
[BlackElo "1898"]
[PlyCount "99"]

1. d4 Nf6 2. g3 g6 3. Bg2 Bg7 4. Nf3 O-O 5. O-O d6 6. c4 Nbd7 7. Nc3 e5 8. e3
Nh5 9. b3 f5 10. dxe5 dxe5 11. Bb2 e4 12. Nd4 Ne5 13. Rb1 Nd3 14. Ba3 c5 15.
Nde2 Qa5 16. Na4 Rd8 17. Qc2 a6 18. Bb2 Nxb2 19. Rxb2 Bxb2 20. Qxb2 Qd2 21. Qe5
Qd6 22. Qxc5 Qxc5 23. Nxc5 Rd2 24. Nc3 b5 25. f3 bxc4 26. bxc4 Rb8 27. N3a4
exf3 28. Bxf3 Rxa2 29. Bc6 Nf6 30. Nc3 Rd2 31. Rf2 Rxf2 32. Kxf2 Ng4+ 33. Kf3
Nxh2+ 34. Kf4 Rb2 35. Nd5 Kf7 36. Ke5 Ng4+ 37. Kd6 Rd2 38. Nb3 Rd1 39. Kc7 Be6
40. Nc5 Rc1 41. Kd6 Rxc4 42. Nc7 Rxc5 43. Kxc5 Nxe3 44. Nxa6 Nf1 45. Kd4 Nxg3
46. Ke5 Bc4 47. Nc5 g5 48. Bf3 Kg6 49. Nd7 h5 50. Nf8+ 0-1

[Event "Championnat de France - Open B"]
[Site "Pau"]
[Date "2008.08.19"]
[Round "7.5"]
[White "Chebance, Benoit"]
[Black "Pilte, Nicolas"]
[Result "0-1"]
[WhiteElo "1988"]
[BlackElo "1870"]
[PlyCount "62"]

1. e4 e5 2. Nf3 Nc6 3. d4 exd4 4. Bc4 Nf6 5. e5 Ng4 6. O-O d6 7. Bg5 Be7 8.
Bxe7 Qxe7 9. exd6 Qxd6 10. Re1+ Be6 11. h3 Nge5 12. Nxe5 Nxe5 13. Bxe6 fxe6 14.
Qh5+ Ng6 15. Qb5+ c6 16. Qxb7 O-O 17. Qb3 Rae8 18. Re4 Rf6 19. Nd2 Ref8 20. Nf3
Nf4 21. Ne5 Rf5 22. Rae1 Rg5 23. Ng4 h5 24. Re5 Rg6 25. Nh2 Nxg2 26. R1e4 Ne3+
27. Kh1 Rxf2 28. Qb7 Rgg2 29. Qc8+ Qf8 30. Qxe6+ Qf7 31. Qc8+ Kh7 0-1

[Event "Championnat de France - Open B"]
[Site "Pau"]
[Date "2008.08.19"]
[Round "7.6"]
[White "Delay, Guillaume"]
[Black "Lepot, Simon"]
[Result "1/2-1/2"]
[WhiteElo "1906"]
[BlackElo "1982"]
[PlyCount "34"]

1. e4 c5 2. Nf3 d6 3. d4 cxd4 4. Nxd4 Nf6 5. Nc3 a6 6. Bc4 e6 7. Bb3 b5 8. Bg5
Be7 9. Qf3 Qc7 10. O-O-O Qb7 11. Rhe1 Nbd7 12. Qg3 O-O 13. Bh6 Nh5 14. Qh3 Nhf6
15. Qg3 Nh5 16. Qh3 Nhf6 17. Qg3 Nh5 1/2-1/2

[Event "Championnat de France - Open B"]
[Site "Pau"]
[Date "2008.08.19"]
[Round "7.7"]
[White "Grandadam, Patrick"]
[Black "Coste, Roman"]
[Result "1-0"]
[WhiteElo "1980"]
[BlackElo "1875"]
[PlyCount "72"]

1. d4 d5 2. c4 e6 3. Nc3 Nf6 4. cxd5 exd5 5. Bg5 c6 6. e3 Nbd7 7. Bd3 Be7 8.
Qc2 O-O 9. Nf3 Re8 10. O-O Ne4 11. Bf4 Nxc3 12. bxc3 Nf8 13. Rfc1 Bd6 14. Bxd6
Qxd6 15. c4 Be6 16. c5 Qc7 17. Rab1 f6 18. Rb3 Bf7 19. Rcb1 Rab8 20. Nh4 g6 21.
Qb2 Re7 22. Ba6 g5 23. Nf5 Rd7 24. Nh6+ Kg7 25. Nxf7 Rxf7 26. Rxb7 Rxb7 27.
Qxb7 Qxb7 28. Bxb7 Rc7 29. Ba6 Rd7 30. Bc8 Re7 31. Bb7 Rc7 32. Ba6 Rd7 33. Kf1
f5 34. Bc8 Rf7 35. Rb7 Ne6 36. Rxf7+ Kxf7 1-0

[Event "Championnat de France - Open B"]
[Site "Pau"]
[Date "2008.08.19"]
[Round "7.8"]
[White "Ferrier, David"]
[Black "Noreskal, Slomy"]
[Result "1/2-1/2"]
[WhiteElo "1978"]
[BlackElo "1854"]
[PlyCount "44"]

1. d4 e6 2. c4 d5 3. Nf3 c6 4. Qc2 Bd6 5. g3 Nf6 6. Bg2 Nbd7 7. O-O O-O 8. c5
Bb8 9. Nc3 Re8 10. Bg5 e5 11. dxe5 Bxe5 12. Nxe5 Rxe5 13. Bf4 Re8 14. b4 b6 15.
b5 Nxc5 16. bxc6 Ne6 17. Be5 Ng4 18. c7 Nxc7 19. Bxc7 Qxc7 20. Bxd5 Bb7 21.
Bxb7 Qxb7 22. Qf5 Qc8 1/2-1/2

[Event "Championnat de France - Open B"]
[Site "Pau"]
[Date "2008.08.19"]
[Round "7.9"]
[White "Sauvan, Olivier"]
[Black "Macarry, Elodie"]
[Result "0-1"]
[WhiteElo "1956"]
[BlackElo "1809"]
[PlyCount "48"]

1. d4 d5 2. c4 e6 3. Nc3 Nf6 4. cxd5 Nxd5 5. e4 Nf6 6. Nf3 Be7 7. Bf4 a6 8. Bd3
c5 9. dxc5 Bxc5 10. O-O O-O 11. Qc2 h6 12. h3 Nc6 13. a3 Qe7 14. e5 Nd5 15.
Nxd5 exd5 16. b4 Bb6 17. Rac1 Be6 18. Rfe1 f6 19. exf6 Qxf6 20. Bg3 Bxh3 21.
Ne5 Nxe5 22. Rxe5 Rac8 23. gxh3 Rxc2 24. Rxc2 Qf3 0-1

[Event "Championnat de France - Open B"]
[Site "Pau"]
[Date "2008.08.19"]
[Round "7.10"]
[White "Cruz, Jean"]
[Black "Meley, Hector"]
[Result "0-1"]
[WhiteElo "1864"]
[BlackElo "1912"]
[PlyCount "136"]

1. d4 d5 2. Nc3 Nf6 3. f3 Bf5 4. g4 Bg6 5. g5 Nh5 6. e4 e6 7. f4 h6 8. exd5
exd5 9. f5 Qe7+ 10. Kf2 hxg5 11. fxg6 Qf6+ 12. Qf3 Qxd4+ 13. Qe3+ Qxe3+ 14.
Bxe3 fxg6 15. Bd3 Kf7 16. Nh3 c6 17. Nxg5+ Kf6 18. h4 Bd6 19. Rh3 Ke7 20. Rf3
Nf6 21. Rh1 Nbd7 22. Re1 Ne5 23. Bd4 Kd7 24. Bxe5 Ng4+ 25. Kg2 Nxe5 26. Rh3
Rae8 27. Rf1 Re7 28. Be2 b5 29. a3 Kc7 30. b4 a5 31. bxa5 Ra8 32. h5 gxh5 33.
Bxh5 Rxa5 34. Ne2 g6 35. Bf3 Rxa3 36. Nd4 Nc4 37. Nde6+ Kb6 38. Rc1 Rc3 39. Bd1
Ne3+ 40. Kg1 Nxd1 41. Rxc3 Nxc3 42. Rf1 Ne4 43. Nxe4 dxe4 44. Rf6 g5 45. Nxg5
Bc5+ 46. Kf1 e3 47. Ne6 Bb4 48. Ke2 Bc5 49. Nd8 Rc7 50. Re6 b4 51. Re4 Rd7 52.
Ne6 Rd2+ 53. Ke1 Rxc2 54. Nxc5 Kxc5 55. Rxe3 Kd4 56. Rh3 c5 57. Kd1 Rc3 58.
Rh4+ Kd3 59. Rg4 b3 60. Rg3+ Kc4 61. Rg4+ Kb5 62. Rg8 c4 63. Ra8 Kb4 64. Ra7 b2
65. Rb7+ Ka3 66. Kd2 Rb3 67. Ra7+ Kb4 68. Rb7+ Kc5 0-1

[Event "Championnat de France - Open B"]
[Site "Pau"]
[Date "2008.08.20"]
[Round "8.1"]
[White "Fantinel, Thibault"]
[Black "Giry, Jean-Marc"]
[Result "1-0"]
[WhiteElo "1908"]
[BlackElo "1934"]
[PlyCount "63"]

1. e4 b6 2. d4 Bb7 3. Bd3 e6 4. Nf3 c5 5. c3 Be7 6. O-O d6 7. Re1 Nd7 8. Qe2 e5
9. dxe5 dxe5 10. Nbd2 Qc7 11. a4 Bf6 12. Bb5 a6 13. Bxd7+ Qxd7 14. Nc4 Qc7 15.
Rd1 Rd8 16. Rxd8+ Kxd8 17. Bg5 Bxg5 18. Nxg5 h6 19. Rd1+ Ke7 20. Nxf7 Kxf7 21.
Rd7+ Qxd7 22. Nxe5+ Ke7 23. Nxd7 Nf6 24. Nxf6 gxf6 25. Qe3 h5 26. a5 Rd8 27. f3
Rd1+ 28. Kf2 Rb1 29. axb6 Rxb2+ 30. Kg3 Rxb6 31. Qxc5+ Rd6 32. Qxh5 1-0

[Event "Championnat de France - Open B"]
[Site "Pau"]
[Date "2008.08.20"]
[Round "8.2"]
[White "Meley, Hector"]
[Black "Cabanes, Kim"]
[Result "0-1"]
[WhiteElo "1912"]
[BlackElo "1934"]
[PlyCount "68"]

1. d4 c6 2. c4 d5 3. Nc3 Nf6 4. Nf3 a6 5. c5 Bf5 6. Qb3 Qc8 7. Bf4 Nbd7 8. e3
e6 9. Na4 Be7 10. Be2 O-O 11. Ne5 Bd8 12. O-O Nxe5 13. Bxe5 Nd7 14. Bd6 Re8 15.
Qd1 Bc7 16. Bxc7 Qxc7 17. b4 e5 18. Nc3 exd4 19. Qxd4 Re6 20. a4 a5 21. b5 Nf8
22. g3 Rg6 23. Rfc1 Ne6 24. Qd2 Nxc5 25. Nxd5 Qd6 26. bxc6 Nb3 27. cxb7 Rb8 28.
Bd3 Nxd2 29. Bxf5 Qxd5 30. Rc8+ Qd8 31. Rxb8 Qxb8 32. Rc1 Qxb7 33. Rc8+ Qxc8
34. Bxc8 Rc6 0-1

[Event "Championnat de France - Open B"]
[Site "Pau"]
[Date "2008.08.20"]
[Round "8.3"]
[White "Macarry, Elodie"]
[Black "Grandadam, Patrick"]
[Result "1/2-1/2"]
[WhiteElo "1809"]
[BlackElo "1980"]
[PlyCount "92"]

1. e4 c5 2. Nf3 e6 3. Nc3 a6 4. d4 cxd4 5. Nxd4 Qc7 6. a3 b5 7. Be3 Bb7 8. Be2
Nf6 9. f3 d5 10. exd5 Nxd5 11. Nxd5 Bxd5 12. Bf2 Nc6 13. Nxc6 Qxc6 14. O-O Bd6
15. c3 O-O 16. Qd4 Rfd8 17. Qh4 Rd7 18. Bd3 h6 19. Rad1 Be7 20. Qg4 Bf6 21. f4
Rad8 22. Bc2 Be4 23. Bxe4 Qxe4 24. Rde1 Qc2 25. Rb1 Rd2 26. Be3 Re2 27. Rfc1
Qd3 28. Bf2 Qe4 29. Be1 Rd3 30. Kf1 Rde3 31. Bf2 Qd3 32. Kg1 Re4 33. Rd1 Qc4
34. g3 e5 35. Re1 exf4 36. Rxe2 Rxe2 37. Qxf4 Qe6 38. Qf3 Qe4 39. Qxe4 Rxe4 40.
Re1 Rxe1+ 41. Bxe1 Kf8 42. Bd2 Ke7 43. Kf2 Kd6 44. Ke2 Kd5 45. Kd3 Be7 46. Bc1
f5 1/2-1/2

[Event "Championnat de France - Open B"]
[Site "Pau"]
[Date "2008.08.20"]
[Round "8.4"]
[White "De Seroux, Camille"]
[Black "Pilte, Nicolas"]
[Result "1/2-1/2"]
[WhiteElo "1898"]
[BlackElo "1870"]
[PlyCount "96"]

1. e4 e5 2. Nf3 Nc6 3. Bc4 Nf6 4. d3 Be7 5. Nbd2 O-O 6. h3 d6 7. c3 Na5 8. Bb5
c5 9. O-O Nc6 10. Re1 a6 11. Ba4 Re8 12. Nf1 b6 13. g4 Bf8 14. Ng3 b5 15. Bb3
d5 16. exd5 Nxd5 17. d4 Nf4 18. Kh2 Bb7 19. dxe5 Nd3 20. e6 fxe6 21. Rxe6 Rxe6
22. Bxe6+ Kh8 23. Qe2 Bd6 24. Bf5 Nce5 25. Nxe5 Nxe5 26. Be4 Bxe4 27. Qxe4 Qf8
28. Kg2 Re8 29. Qd5 Ng6 30. Nf5 Bf4 31. Qf3 Qxf5 32. gxf5 Nh4+ 33. Kf1 Nxf3 34.
Bxf4 Rf8 35. Rd1 Rxf5 36. Be3 Ng5 37. Rd6 Nxh3 38. Rxa6 Nf4 39. Ra5 Nd5 40. Bd2
c4 41. Kg2 Kg8 42. Kg3 Nf6 43. f3 Rd5 44. Be3 Rd3 45. Bd4 b4 46. Bxf6 gxf6 47.
cxb4 Rd2 48. Rc5 Rxb2 1/2-1/2

[Event "Championnat de France - Open B"]
[Site "Pau"]
[Date "2008.08.20"]
[Round "8.5"]
[White "Aubry, Fabien"]
[Black "Najart, David"]
[Result "0-1"]
[WhiteElo "1890"]
[BlackElo "1852"]
[PlyCount "76"]

1. d4 Nf6 2. c4 g6 3. Nc3 Bg7 4. Nf3 O-O 5. g3 c5 6. d5 d6 7. Bg2 e6 8. O-O
exd5 9. cxd5 Re8 10. Nd2 b6 11. Re1 Ba6 12. a4 Nbd7 13. Nf3 h6 14. h3 Ne4 15.
Qc2 Ndf6 16. Bf4 Nxc3 17. bxc3 Nxd5 18. Ra3 Nxf4 19. gxf4 d5 20. e3 Rc8 21. Rd1
d4 22. c4 Qe7 23. Ne1 Rcd8 24. e4 Qe6 25. Rc1 Bb7 26. f3 Rb8 27. a5 Bc8 28.
axb6 Qxb6 29. Rca1 a6 30. Nd3 Re6 31. Ra5 Bf8 32. Qa4 Qc7 33. Qa3 Reb6 34. Nxc5
Rc6 35. Nxa6 Rxa6 36. Qxf8+ Kxf8 37. Rxa6 Bxa6 38. Rxa6 Rb1+ 0-1

[Event "Championnat de France - Open B"]
[Site "Pau"]
[Date "2008.08.20"]
[Round "8.6"]
[White "Renaux, Osmin"]
[Black "Perradin, Vincent"]
[Result "1-0"]
[WhiteElo "1951"]
[BlackElo "2000"]
[PlyCount "81"]

1. d4 Nf6 2. c4 e6 3. Nf3 b6 4. e3 Bb7 5. Bd3 d5 6. b3 c5 7. O-O Nc6 8. Bb2 Bd6
9. Nbd2 cxd4 10. exd4 Rc8 11. Qe2 O-O 12. Ne5 Bb8 13. Rad1 dxc4 14. Ndxc4 Nd5
15. f4 Qh4 16. g3 Qe7 17. Qh5 f5 18. Nxc6 Rxc6 19. Ba3 Qf6 20. Ne5 Bxe5 21.
dxe5 Qf7 22. Qxf7+ Kxf7 23. Bxf8 Kxf8 24. Rc1 Rxc1 25. Rxc1 Ke7 26. Kf2 a6 27.
Bc4 Kd7 28. Bxd5 Bxd5 29. Ke3 h6 30. Kd4 g5 31. fxg5 hxg5 32. h4 f4 33. hxg5
fxg3 34. g6 Ke7 35. Ke3 Kf8 36. Kf4 g2 37. Kg5 Bc6 38. Kf6 Bd7 39. Rg1 Bc6 40.
Rc1 Bd7 41. Rd1 1-0

[Event "Championnat de France - Open B"]
[Site "Pau"]
[Date "2008.08.20"]
[Round "8.7"]
[White "Adrien, Vincent"]
[Black "Gambini, Stephane"]
[Result "0-1"]
[WhiteElo "1940"]
[BlackElo "1999"]
[PlyCount "129"]

1. e4 c5 2. Nf3 d6 3. d4 cxd4 4. Nxd4 Nf6 5. Nc3 a6 6. Be3 e6 7. Qd2 Qc7 8. Be2
Nbd7 9. g4 h6 10. f4 e5 11. Nf5 exf4 12. Bxf4 Ne5 13. O-O-O Bxf5 14. gxf5 O-O-O
15. Bxe5 dxe5 16. Qxd8+ Qxd8 17. Rxd8+ Kxd8 18. Bc4 Ke8 19. Rg1 Rg8 20. Bd5 Bc5
21. Rg2 b5 22. Bb7 b4 23. Nd1 a5 24. c3 bxc3 25. bxc3 Ke7 26. Kc2 Rb8 27. Ba6
Nxe4 28. Rxg7 Rb6 29. Bc4 Rf6 30. Bd5 Nd6 31. Rg8 Nxf5 32. Ra8 Rd6 33. c4 Nd4+
34. Kd3 f5 35. Rxa5 e4+ 36. Kc3 Ne2+ 37. Kc2 Bg1 38. a4 Nf4 39. h4 Nxd5 40.
cxd5 Kf6 41. Nb2 f4 42. Nc4 Rd8 43. Ra6+ Kg7 44. h5 Bd4 45. Re6 Rxd5 46. Rxe4
f3 47. Nd2 f2 48. Nf1 Bc5 49. Rg4+ Rg5 50. Rxg5+ hxg5 51. a5 Kh6 52. Kd3 Kxh5
53. Ke2 Kg4 54. Nd2 Kf4 55. a6 g4 56. Kf1 Ba7 57. Kg2 Ke3 58. Nf1+ Ke2 59. Ng3+
Ke1 60. Nf1 Ke2 61. Ng3+ Ke1 62. Nf1 Bb8 63. Ne3 Ke2 64. Nf1 g3 65. Kh1 0-1

[Event "Championnat de France - Open B"]
[Site "Pau"]
[Date "2008.08.20"]
[Round "8.8"]
[White "Lepot, Simon"]
[Black "Noreskal, Slomy"]
[Result "1-0"]
[WhiteElo "1982"]
[BlackElo "1854"]
[PlyCount "101"]
[EventDate "2008.??.??"]

1. e4 e6 2. d4 d5 3. Nc3 Nf6 4. Bg5 Be7 5. e5 Nfd7 6. h4 a6 7. Qg4 f6 8. Qh5+
g6 9. exf6 Nxf6 10. Qe2 Nc6 11. O-O-O O-O 12. Nf3 b5 13. Bh6 b4 14. Nb1 Re8 15.
Ne5 Nxe5 16. dxe5 Ne4 17. Nd2 Nc3 18. bxc3 bxc3 19. Nb3 Ba3+ 20. Kb1 a5 21. Qg4
a4 22. Bd3 axb3 23. cxb3 Qe7 24. h5 Qb4 25. Qxb4 Bxb4 26. hxg6 hxg6 27. Bg5 Rf8
28. Bf6 Rxf6 29. exf6 Kf7 30. Rh6 Kxf6 31. Rxg6+ Ke5 32. Rg8 Bb7 33. Rxa8 Bxa8
34. Kc2 d4 35. f3 Bc6 36. Re1+ Kd6 37. Be4 Be8 38. f4 c5 39. Bd3 Bd7 40. g4 Ba5
41. g5 Bd8 42. g6 Bf6 43. a4 Bc6 44. a5 Bd5 45. Be4 c4 46. bxc4 Bxc4 47. Rb1
Bd8 48. g7 e5 49. fxe5+ Kxe5 50. Bd3 Ba2 51. Rb3 1-0

[Event "Championnat de France - Open B"]
[Site "Pau"]
[Date "2008.08.20"]
[Round "8.9"]
[White "Feryn, Alexandre"]
[Black "Ferrier, David"]
[Result "0-1"]
[WhiteElo "1940"]
[BlackElo "1978"]
[PlyCount "78"]

1. e4 c5 2. Nf3 e6 3. d4 cxd4 4. Nxd4 a6 5. Bd3 Nf6 6. O-O Qc7 7. c4 Nc6 8.
Nxc6 dxc6 9. Nc3 e5 10. h3 Bc5 11. Rb1 Qe7 12. a3 a5 13. Kh1 Be6 14. f4 Rd8 15.
Qe2 h5 16. f5 Bc8 17. Bg5 h4 18. Rfd1 Rd4 19. Na4 Ba7 20. Qc2 Rd8 21. c5 Qc7
22. Be3 Bb8 23. Qc3 Bxf5 24. Qc2 Rxd3 25. Qxd3 Bxe4 26. Qe2 Bxb1 27. Rxb1 e4
28. Bg1 O-O 29. Rf1 Qe5 30. Nc3 Re8 31. Qc4 Rd8 32. Nd1 Qd5 33. Ne3 Qxc4 34.
Nxc4 Nh5 35. Re1 Ng3+ 36. Kh2 Bc7 37. Be3 Nf1+ 38. Kg1 Nxe3 39. Nxe3 g6 0-1

[Event "Championnat de France - Open B"]
[Site "Pau"]
[Date "2008.08.20"]
[Round "8.10"]
[White "Sola, Flavien"]
[Black "Pantic, David"]
[Result "1-0"]
[WhiteElo "1895"]
[BlackElo "1961"]
[PlyCount "119"]

1. e4 d6 2. d4 Nf6 3. Nc3 Nbd7 4. Nf3 e5 5. h3 Be7 6. Bc4 O-O 7. O-O c6 8. a4
Rb8 9. Bg5 Qc7 10. Nh4 Nb6 11. Ba2 exd4 12. Qxd4 Be6 13. a5 Nc8 14. Bxe6 fxe6
15. Qc4 d5 16. exd5 exd5 17. Qe2 Qd7 18. Qd3 Nd6 19. Ra4 Qe6 20. Bf4 Nd7 21.
Qg3 Nc5 22. Be5 Qh6 23. Rg4 Rf7 24. Re1 Bxh4 25. Rxh4 Qe6 26. Rh6 g6 27. Bxd6
Qxe1+ 28. Kh2 Re8 29. Bxc5 Kg7 30. Bd4+ Kg8 31. Rh4 Qe6 32. Rf4 a6 33. Rxf7
Kxf7 34. Qf4+ Ke7 35. Bc5+ Kd7 36. Na4 Qe5 37. Nb6+ Ke6 38. Qxe5+ Kxe5 39. Nd7+
Ke6 40. Nf8+ Kf7 41. Nxh7 Re2 42. Bd4 Rxc2 43. Ng5+ Ke7 44. b4 Kd7 45. Nf3 Rc1
46. Kg3 Ke6 47. Kf4 Rc4 48. Kg5 Rxb4 49. Kxg6 Rxd4 50. Nxd4+ Ke5 51. Nf3+ Ke4
52. h4 c5 53. h5 c4 54. Nd2+ Kd3 55. Nb1 Kc2 56. Na3+ Kb3 57. h6 Kxa3 58. h7 c3
59. h8=Q Kb3 60. Qd4 1-0

[Event "Championnat de France - Open B"]
[Site "Pau"]
[Date "2008.08.21"]
[Round "9.1"]
[White "Cabanes, Kim"]
[Black "Fantinel, Thibault"]
[Result "0-1"]
[WhiteElo "1934"]
[BlackElo "1908"]
[PlyCount "78"]

1. d4 d5 2. Nf3 Nf6 3. c4 c6 4. Nc3 a6 5. cxd5 cxd5 6. Bf4 Nc6 7. Rc1 e6 8. e3
Bd6 9. Bg5 O-O 10. Bd3 Bd7 11. O-O b5 12. a4 b4 13. Nb1 Be7 14. Nbd2 Qb6 15.
Ne5 Nb8 16. f4 h6 17. Rf3 Rc8 18. Rxc8+ Bxc8 19. Rh3 Kf8 20. Bxf6 Bxf6 21. g4
Bxe5 22. dxe5 Nd7 23. b3 Bb7 24. Kf2 Rc8 25. Nf3 Rc3 26. Nd4 Qc7 27. Bc2 a5 28.
Rg3 Ba6 29. Rg1 Nc5 30. h4 Bd3 31. Bxd3 Rxd3 32. Qc1 Rc3 33. Qd1 Rd3 34. Qb1
Ne4+ 35. Kg2 Rd2+ 36. Kh3 Qc3 37. Nf3 Qxe3 38. Rg3 Nxg3 39. Qc1 Rh2+ 0-1